000 01148nam a2200277 i 4500
001 bg
245 0 0 _aRaport o stanie środowiska w województwie zachodniopomorskim w roku 2000 /
_c[aut. Joanna Żurawska et al.] ; Inspekcja Ochrony Środowiska, Wojewódzki Inspektorat Ochrony Środowiska w Szczecinie.
260 _aSzczecin :
_bIOŚ,
_c2001.
300 _a152 s., [6]k.tabl. :
_bfot., mapy, wykr. ;
_c30 cm.
490 1 _aBiblioteka Monitoringu Środowiska
504 _aBibliogr. s. 147-148.
650 9 _aŚrodowisko człowieka
_xhigiena i ochrona
_zPolska
_yod 1989 r.
650 9 _aŚrodowisko człowieka
_xhigiena i ochrona
_xprawo wspólnotowe europejskie
_ystan na 1999 r.
651 9 _aZachodniopomorskie, województwo
_xhigiena
700 1 _aŻURAWSKA, Joanna
710 0 _aInspekcja Ochrony Środowiska
710 0 _aWojewódzki Inspektorat Ochrony Środowiska (Szczecin)
830 _aBiblioteka Monitoringu Środowiska
020 _a8372171351
040 _cBPK
041 0 _apl
080 _a504.064.3(438)"1989/...":349.6(4-67)
920 _a83-7217-135-1
942 _cKS
008 s pl f |000 0 pol
999 _c41722
_d41722
856 _uhttp://koha.tu.koszalin.pl/cgi-bin/koha/opac-detail.pl?biblionumber=41722
_yKatalog online BPK